000 00864cab a22002295a 4500
001 L158012
008 130506e20130924xxk 000 0 eng d
035 _a(Sirsi) u158012
041 0 _aeng
100 1 _aWright, Emily
245 0 0 _aTop agents 2013
260 _c2013
490 _aEstates Gazette
_v(1343) 26 October 2013, 64-74(11)
520 _aRanks top agents by UK turnover and UK fee-earner. Firms upbeat with staffing levels on the rise, great expectations for higher turnover, positive on profit but warning over pressure on profit margins. Interview with CBRE corporate team Ciaran Bird, Michael Samworth, Mike Strong and Stephen Hubbard.
590 _aKA
651 4 _aUnited Kingdom
_y
690 _aSales
_96269
690 _aResidential property
_96266
690 _aCommercial property
_96227
700 1 _aMcClary, Samantha
942 _n0
999 _c84512
_d84512